00481nam a2200169Ia 450000500170000000800410001704000190005804100120007708200150008910000200010424500780012426000330020230000120023565000260024765100280027385000100030120230916105857.0131103s9999 xx 000 0 und d aLoreto College aEnglish a919.4bMAR aMartindale,C.C. 4aThe risen sunb impressions in New Zealand and Australia cC.C.Martindale aLondonbSheed and Wardc1929 a288 p.  aAustralia - Geography aNew Zealand - Geography aLCLIB